AH International Schools' Libraries

King and the dragonflies / (Record no. 49555)

MARC details
000 -LEADER
fixed length control field 00283nam a2200109 4500
020 ## - INTERNATIONAL STANDARD BOOK NUMBER
International Standard Book Number 9780702302817
100 ## - MAIN ENTRY--PERSONAL NAME
Personal name Callender, Kacen
9 (RLIN) 86689
245 ## - TITLE STATEMENT
Title King and the dragonflies /
Statement of responsibility, etc Kacen Callender
260 ## - PUBLICATION, DISTRIBUTION, ETC. (IMPRINT)
Place of publication, distribution, etc London
Name of publisher, distributor, etc Scholastic
Date of publication, distribution, etc 2020
300 ## - PHYSICAL DESCRIPTION
Extent 259 p.
Dimensions 20 cm.
942 ## - ADDED ENTRY ELEMENTS (KOHA)
Source of classification or shelving scheme
Koha item type Book
Holdings
Withdrawn status Lost status Source of classification or shelving scheme Damaged status Not for loan Home library Current library Shelving location Date acquired Total Checkouts Full call number Barcode Date last seen Date checked out Price effective from Koha item type
          Asian Hope Primary Library Asian Hope Primary Library Junior Fiction 09/11/2025 2 J FIC CAL 208857 03/11/2026 03/04/2026 09/11/2025 Book

For any Logos Library related questions please contact Miss Art at swongnarasuk@asianhope.org.

For any Asian Hope Library related questions please contact Miss Raza at graza@asianhope.org.

Click here to explore our ebooks!

Powered by Koha